000 00480cam a2200181ua 4500
020 _a0 7131 34178
041 _aeng
_h
082 _a620.101
_bHAR/PR
100 _aHarrison, H R .
245 _aPrinciples of engineering mechanics /
_cH R Harrison.
_hTextual Documents
260 _a :
_bELBS with Blackwell scientific publishers ,
_c1978.
300 _a255 ; .
504 _a
700 1 _aNettletton, T .
942 _cBK
999 _c9903
_d9903